Normal view MARC view
  • World War, 1939-1945

Entry Topical Term

Number of records used in: 0

001 - CONTROL NUMBER

  • control field: 215403

003 - CONTROL NUMBER IDENTIFIER

  • control field: KE-NaSUL

005 - DATE AND TIME OF LATEST TRANSACTION

  • control field: 20250826110221.0

008 - FIXED-LENGTH DATA ELEMENTS

  • fixed length control field: 250826|| aca||aabn | a|a d

040 ## - CATALOGING SOURCE

  • Original cataloging agency: KE-NaSUL
  • Transcribing agency: KE-NaSUL

150 ## - HEADING--TOPICAL TERM

  • Topical term or geographic name as entry element: World War, 1939-1945
  • General subdivision: Education and the war

670 ## - SOURCE DATA FOUND

  • Source citation: Work cat.: (KE-NaSUL)204766: Robin, Ron Theodore. 114596, The barbed-wire college, c1995.

© Strathmore University Library
Madaraka Estate, Ole Sangale Road | P. O. Box 59857 - 00200 City Square, Nairobi, Kenya
(+254) (0)703 034 000/200/300 | (+254) (0)20-607498